Tablice rejestracyjne w woj. podkarpackim wg kodu - Statystyki

Ogólne statystyki
  • Ten quiz został rozwiązany 44 razy
  • Średni wynik to 20 z 25
Statystyki odpowiedzi
Kod Powiat / Miasto % Poprawnych
RZE rzeszowski (Rzeszów)
98%
RDE dębicki (Dębica)
93%
RZ Rzeszów
93%
RJA jarosławski (Jarosław)
90%
RK Krosno
90%
RPR przemyski (Przemyśl)
90%
RP Przemyśl
90%
RSA sanocki (Sanok)
90%
RJS jasielski (Jasło)
88%
RKR krośnieński (Krosno)
88%
RTA tarnobrzeski (Tarnobrzeg)
88%
RST stalowowolski (Stalowa Wola)
85%
RT Tarnobrzeg
85%
RLS leski (Lesko)
83%
RMI mielecki (Mielec)
83%
RLA łańcucki (Łańcut)
80%
RNI niżański (Nisko)
80%
RKL kolbuszowski (Kolbuszowa)
78%
RBI bieszczadzki (Ustrzyki Dolne)
76%
RBR brzozowski (Brzozów)
73%
RLU lubaczowski (Lubaczów)
73%
RLE leżajski (Leżajsk)
71%
RRS ropczycko-sędziszowski (Ropczyce)
68%
RSR strzyżowski (Strzyżów)
59%
RPZ przeworski (Przeworsk)
56%
Nie znaleziono quizów pasujących do podanych kryteriów
Rozkład punktacji
Procent ludzi z każdym wynikiem
Percentyl według liczby udzielonych odpowiedzi
Twoja historia wyników
Nie rozwiązałeś tego quizu